The studying on above ground tree biomass of re-growth forest at somraong community in somraong commune tramkak district takeo province, ការសិក្សាជីវម៉ស់ព្រៃឈើលើដីនៃព្រៃដុះលូតលាស់ឡើងវិញនៅក្នុងសហគមន៍ព្រៃឈើសំរោង ក្នុងឃុំសំរោង ស្រុកត្រាំកក់ ខេត្តតាកែវ (Record no. 3432)

000 -LEADER
fixed length control field 00820nam a22001337a 4500
040 ## - CATALOGING SOURCE
Transcribing agency RUA
082 ## - DEWEY DECIMAL CLASSIFICATION NUMBER
Classification number FOR PHU 2013 B142 Or.1
100 ## - MAIN ENTRY--AUTHOR NAME
Personal name PHUN, VEASNA.
245 ## - TITLE STATEMENT
Title The studying on above ground tree biomass of re-growth forest at somraong community in somraong commune tramkak district takeo province, ការសិក្សាជីវម៉ស់ព្រៃឈើលើដីនៃព្រៃដុះលូតលាស់ឡើងវិញនៅក្នុងសហគមន៍ព្រៃឈើសំរោង ក្នុងឃុំសំរោង ស្រុកត្រាំកក់ ខេត្តតាកែវ
260 ## - PUBLICATION, DISTRIBUTION, ETC. (IMPRINT)
Place of publication Phnom Penh
Name of publisher RUA
Year of publication 2013
300 ## - PHYSICAL DESCRIPTION
Number of Pages viii; 36p.
Other physical details ill.
Dimensions 29cm.
856 ## - ELECTRONIC LOCATION AND ACCESS
Uniform Resource Identifier https://drive.google.com/file/d/1bv5k3OQMJ0eZWxUQL4ne2hr9ujIwgc5C/view?usp=sharing
942 ## - ADDED ENTRY ELEMENTS (KOHA)
Koha item type FOR
952 ## - LOCATION AND ITEM INFORMATION (KOHA)
Withdrawn status [LOCAL, KOHA] 0
952 ## - LOCATION AND ITEM INFORMATION (KOHA)
Withdrawn status [LOCAL, KOHA] 0
952 ## - LOCATION AND ITEM INFORMATION (KOHA)
Withdrawn status [LOCAL, KOHA] 0
952 ## - LOCATION AND ITEM INFORMATION (KOHA)
Withdrawn status [LOCAL, KOHA] 0
952 ## - LOCATION AND ITEM INFORMATION (KOHA)
Withdrawn status [LOCAL, KOHA] 0
952 ## - LOCATION AND ITEM INFORMATION (KOHA)
Withdrawn status [LOCAL, KOHA] 0
952 ## - LOCATION AND ITEM INFORMATION (KOHA)
Withdrawn status [LOCAL, KOHA] 0
952 ## - LOCATION AND ITEM INFORMATION (KOHA)
Withdrawn status [LOCAL, KOHA] 0
Holdings
Permanent Location Date acquired Koha item type Lost status Shelving location Barcode Current Location Full call number
Library Block B2015-11-14FOR B142RUA027254Library Block BFOR PHU 2013 B142 Or.1
Library Block B2015-11-14FOR B142RUA027161Library Block BFOR PHU 2013 B142 Or.2
Library Block B2015-11-14FOR B142RUA027089Library Block BFOR PHU 2013 B142 Or.3
Library Block B2015-11-14FOR B142RUA027005Library Block BFOR PHU 2013 B142 Or.4
Library Block B2015-11-14FOR B142RUA027022Library Block BFOR PHU 2013 B142 Or.5
Library Block B2015-11-14FOR B142RUA027159Library Block BFOR PHU 2013 B142 Or.6
Library Block B2015-11-14FOR B142RUA027087Library Block BFOR PHU 2013 B142 Or.7
Library Block B2015-11-14FOR B142RUA027003Library Block BFOR PHU 2013 B142 Or.8
មជ្ឈមណ្ឌលឯការនៃសាកលវិទ្យាល័យភូមិន្ទកសិកម្មចំការដូង

Powered by Koha